Differential and integral inequalities; theory and applications volume I : (Record no. 30138)

000 -LEADER
fixed length control field 00630 a2200169 4500
020 ## - INTERNATIONAL STANDARD BOOK NUMBER
International Standard Book Number 0124110304
020 ## - INTERNATIONAL STANDARD BOOK NUMBER
International Standard Book Number 9780124110304
090 ## - LOCALLY ASSIGNED LC-TYPE CALL NUMBER (OCLC); LOCAL CALL NUMBER (RLIN)
-- 1527
-- 1527
100 ## - MAIN ENTRY--PERSONAL NAME
Personal name V. Lakshmikantham
110 ## - MAIN ENTRY--CORPORATE NAME
Corporate name or jurisdiction name as entry element S. Leela
245 10 - TITLE STATEMENT
Title Differential and integral inequalities; theory and applications volume I :
Remainder of title ordinary differential equations /
Statement of responsibility, etc. V. Lakshmikantham.
260 ## - PUBLICATION, DISTRIBUTION, ETC.
Place of publication, distribution, etc. [S.l.] :
Name of publisher, distributor, etc. Academic Press,
Date of publication, distribution, etc. 1969.
300 ## - PHYSICAL DESCRIPTION
Extent 390 p. ;
Dimensions 23 cm.
700 1# - ADDED ENTRY--PERSONAL NAME
Personal name Lakshmikantham, V.
942 ## - ADDED ENTRY ELEMENTS (KOHA)
Institution code [OBSOLETE] SNS
Koha item type Book
Call number prefix 517.38 LAK
Holdings
Withdrawn status Lost status Damaged status Not for loan Permanent Location Current Location Date acquired Total Checkouts Full call number Barcode Date last seen Price effective from Koha item type
        School of Natural Sciences (SNS) School of Natural Sciences (SNS) 05/26/2016   517.38 LAK SNS0001790 05/26/2016 05/26/2016 Book
© 2023 Central Library, National University of Sciences and Technology. All Rights Reserved.